| 000 | 01212cad a22002775a 4500 | ||
|---|---|---|---|
| 001 | L156903 | ||
| 002 | 19280 | ||
| 008 | 300712s2012 xxk f 000 0 eng d | ||
| 020 | _a9781842197981 | ||
| 035 | _a(Sirsi) u156903 | ||
| 041 | 0 | _aeng | |
| 050 | 0 | 4 | _a725.827 $2 18 |
| 110 | 2 |
_aRoyal Institution of Chartered Surveyors _94900 |
|
| 245 | 0 | 0 |
_aSports ground certification _h[electronic resource] |
| 260 |
_aCoventry _bRICS _c2012 |
||
| 300 |
_aiv, 36p _c24 cm |
||
| 490 | 0 | _aRICS Guidance Note | |
| 505 | 2 | _aSummary of legislation -- Certification -- Appendix 1: further guidance -- Appendix 2: direct and associated legislation -- Appendix 3: Stakeholder involvement -- Appendix 4: Templates. | |
| 520 | _aARCHIVED 23 DECEMBER 2016 | ||
| 520 | _aAssists practitioners in gaining an understanding of the legislative framework by which reasonable levels of safety at sports grounds can be achieved. | ||
| 521 | _aAdvanced | ||
| 651 | 4 |
_aUnited Kingdom _y |
|
| 690 |
_aHealth and safety _96244 |
||
| 856 | 4 | 0 |
_uhttps://www.rics.org/Documents/Sports_ground_certification_1st_edition_PGguidance_2012.pdf _zView the information paper free of charge (member-only content) at www.rics.org... |
| 942 | _n0 | ||
| 999 |
_c114479 _d114479 |
||